MARC

LEADER 00000nam0a2200000 4500
001 333229
005 20231102004532.0
035 |a (RuTPU)RU\TPU\book\359224 
090 |a 333229 
100 |a 20170608d1963 m y0rusy50 ca 
101 0 |a rus 
102 |a RU 
105 |a a z 000zy 
200 1 |a Технология металлов и конструкционные материалы  |e учебное пособие  |f М. Г. Пятигорский, Н. А. Чернышев, О. К. Сучков [и др.] 
210 |a Москва  |c Сельхозиздат  |d 1963 
215 |a 408 с.  |c ил. 
606 1 |a Технология металлов  |2 stltpush  |3 (RuTPU)RU\TPU\subj\60152  |9 77641 
606 1 |a Конструкционные материалы  |2 stltpush  |3 (RuTPU)RU\TPU\subj\15449 
610 1 |a учебные пособия 
610 1 |a черные металлы 
610 1 |a цветные металлы 
610 1 |a металлургия 
610 1 |a металловедение 
610 1 |a литейное производство 
610 1 |a обработка давлением 
610 1 |a сварка 
610 1 |a резка 
610 1 |a обработка 
610 1 |a электрические способы 
610 1 |a холодная обработка 
610 1 |a технологические процессы 
610 1 |a проектирование 
610 1 |a техническое нормирование 
610 1 |a неметаллические конструкционные материалы 
675 |a 620.22(075.32)  |v 4 
675 |a 621.7/.9(075.32)  |v 4 
701 1 |a Пятигорский  |b М. Г. 
701 1 |a Чернышев  |b Н. А. 
701 1 |a Сучков  |b О. К. 
701 1 |a Мурашкин  |b С. У. 
701 1 |a Сорокина  |b Л. И. 
801 1 |a RU  |b 63413507  |c 20170608 
801 2 |a RU  |b 63413507  |c 20201120  |g RCR 
942 |c BK